Normal view
MARC view
Entry Personal Name
001 - CONTROL NUMBER
- control field: 13760
003 - CONTROL NUMBER IDENTIFIER
- control field: OSt
005 - DATE AND TIME OF LATEST TRANSACTION
- control field: 20200302164751.0
008 - FIXED-LENGTH DATA ELEMENTS
- fixed length control field: 200302|| aca||aabn | a|a d
040 ## - CATALOGING SOURCE
- Original cataloging agency: OSt
- Transcribing agency: OSt
100 ## - HEADING--PERSONAL NAME
- Personal name: Kolak,Daniel;Hirstein,Mandik;[et....al]
670 ## - SOURCE DATA FOUND
- Source citation: Work cat.: (OSt): Kolak,Daniel;Hirstein,Mandik;[et....al], Congnitive science:An introduction to Mind and Brain., 2006.
